| 000 | 01237nam a2200337 a 4500 | ||
|---|---|---|---|
| 001 | 1152535 | ||
| 003 | OSt | ||
| 005 | 20211102105438.0 | ||
| 008 | 931116s1993 enka j d 000 0 eng | ||
| 010 | _a 95169785 | ||
| 015 | _aGB93-65373 | ||
| 020 | _a1854716212 | ||
| 038 | _akhadija | ||
| 040 |
_aDLC _cDLC |
||
| 042 | _alcac | ||
| 050 | 0 | 4 |
_aTJ147 _b.I45 1995 |
| 082 | 0 | 0 |
_a621.803 _220 _bILL |
| 245 | 0 | 4 |
_aThe Illustrated dictionary of machines / _ccontributors, Michael Pollard, Merilyn Holme. |
| 260 |
_aChippenham, Wiltshire, UK : _bMerlion Pub., _c1993. |
||
| 300 |
_a160 p. : _bcol. ill. ; _c29 cm. |
||
| 440 | 4 |
_aThe Illustrated dictionaries of science _983633 |
|
| 520 | _aIncludes definitions with illustrative sentences for all sorts of words used to describe machines and how they work. | ||
| 563 | _aHardcover | ||
| 650 | 0 |
_aMachinery _xDictionaries _xJuvenile literature. _983634 |
|
| 650 | 1 |
_aMachinery _xDictionaries. _983635 |
|
| 700 | 1 |
_aPollard, Michael, _d1931- _983636 |
|
| 700 | 1 |
_aHolme, Merilyn. _983637 |
|
| 906 |
_a7 _bcbc _corignew _d3 _encip _f19 _gy-gencatlg |
||
| 942 |
_2ddc _cBK |
||
| 999 |
_c32702 _d32702 |
||